Statistics for Olympic Champions in Men's Volleyball

Click here to take the quiz!

General Stats

  • This quiz has been taken 253 times
  • The average score is 11 of 13

Answer Stats

HintAnswer% Correct
2004Brazil
97%
1992Brazil
97%
1988USA
96%
1984USA
96%
2008USA
96%
2012Russia
93%
1976Poland
83%
1964Soviet Union
78%
1968Soviet Union
78%
1980Soviet Union
78%
1972Japan
70%
2000Yugoslavia
67%
1996Netherlands
61%

Score Distribution

Percentile by Number Answered

Percent of People with Each Score

Your Score History

You have not taken this quiz